Príprava nových termoelektrických materiálov využiteľných pre nabíjanie mobilných zariadení
Salvato in:
| Autore principale: | |
|---|---|
| Altri autori: | |
| Natura: | Manoscritto Libro |
| Lingua: | slovacco |
| Pubblicazione: |
2023
|
| Soggetti: | |
| Accesso online: | http://is.stuba.sk/zp/portal_zp.pl?podrobnosti=178453 |
| Tags: |
Nessun Tag, puoi essere il primo ad aggiungerne!!
|
MARC
| LEADER | 00000ntm a22000003a 4500 | ||
|---|---|---|---|
| 001 | stuzp94578 | ||
| 003 | SK-STU | ||
| 005 | 20230909222538.9 | ||
| 007 | ta | ||
| 008 | 150427s2015----xo-----f-mn---000-0-slo-d | ||
| 040 | |a STU |b slo | ||
| 041 | 0 | |a slo | |
| 100 | 1 | |a Bujňák, Jakub |u 042110 |4 aut |U FCHPT Ústav anorganickej chémie, technológie a materiálov |T FCHPT Oddelenie anorganických materiálov |X 97477 |U C2110 |Y 110 |7 97477 | |
| 242 | 0 | 1 | |a Preparation of new thermoelectric materials for charging of mobile devices |y eng |
| 245 | 1 | 0 | |a Príprava nových termoelektrických materiálov využiteľných pre nabíjanie mobilných zariadení |
| 260 | |c 2023 | ||
| 650 | 4 | |a oxid hlinito-meďnatý |2 slo | |
| 650 | 4 | |a delafositová štruktúra |2 slo | |
| 650 | 4 | |a sól-gél metóda |2 slo | |
| 650 | 4 | |a alumina-copper oxide |2 eng | |
| 650 | 4 | |a delafosite structure |2 eng | |
| 650 | 4 | |a sol-gel method |2 eng | |
| 700 | 1 | |a Bača, Ľuboš |u 042110 |k Z8 |4 ths |U FCHPT Ústav anorganickej chémie, technológie a materiálov |T FCHPT Oddelenie anorganických materiálov |X 70834 |U C2110 |Y 110 |7 A0000070834 | |
| 856 | 4 | |u http://is.stuba.sk/zp/portal_zp.pl?podrobnosti=178453 | |